000 00416nam a2200181Ia 4500
005 20250923145731.0
008 008 250917s9999 xx 000 0 eng d
037 _aPeriodicals
040 _aDSWL
_beng
_cDSWL
041 _aeng
_2eng
084 _qDSWL
245 0 _aPopulation and development review
260 _c1981
300 _a736p.
490 _vVol.7
942 _cCR
999 _c1454975
_d1454975